|
|
|
|
| LEADER |
01255nam a2200265 u 4500 |
| 001 |
10027106 |
| 003 |
upatras |
| 005 |
20210505094742.0 |
| 008 |
951010s1971 us eng |
| 952 |
|
|
|0 0
|1 0
|4 0
|6 539_120000000000000_MEL
|7 0
|9 197509
|a PHYS
|b PHYS
|d 2016-04-24
|i 01566
|l 0
|o 539.12 MEL
|p 025000019060
|r 2016-04-24 00:00:00
|t 1
|w 2016-04-24
|y BK15
|
| 999 |
|
|
|c 121297
|d 121297
|
| 040 |
|
|
|a GR-PaULI
|c GR-PaULI
|
| 050 |
|
4 |
|a 71-184662
|
| 245 |
1 |
0 |
|a Particles and fields, 1971 :
|b proceedings of the Rochester Meeting of APS/DPF held at the University of Rochester, 30 August - 2 September 1971 /
|c edited by A. C. Melissinos and P. F. Slattery.
|
| 260 |
|
|
|a New York :
|b American Institute of Physics,
|c 1971.
|
| 300 |
|
|
|a 323 σ. ;
|c 24 εκ.
|
| 490 |
0 |
|
|a AIP conference proceedings ;
|v Number 1
|
| 490 |
0 |
|
|a Particles and fields subseries ;
|v Number 2
|
| 504 |
|
|
|a Περιλαμβάνει βιβλιογραφικές παραπομπές.
|
| 650 |
|
4 |
|a Σωματίδια (Πυρηνική φυσική)
|9 1007
|
| 700 |
1 |
|
|a Melissinos, Adrian C.
|9 151996
|
| 700 |
1 |
|
|a Slattery, P. F.
|9 152915
|
| 760 |
1 |
|
|a AIP conference proceedings
|g Number 2
|
| 852 |
|
|
|a GR-PaULI
|b ΠΑΤΡΑ
|b ΦΥΣΙΚΟ
|k ΑΕΧ-1
|h 539.12 MEL
|m 01566
|p 025000019060
|t 1
|
| 942 |
|
|
|2 ddc
|c BK15
|